Biblioteca

¿Es la religión una ilusión? : (Registro nro. 69502)

Detalles MARC
000 -LÍDER
Campo fijo de descripción fija 01472nab a2200217 i 4500
001 - NÚMERO DE CONTROL
Campo de control 768714001
003 - IDENTIFICADOR DEL NÚMERO DE CONTROL
Campo de control CO-MdFUSB
005 - FECHA Y HORA DE LA ULTIMA TRANSACCIÓN
control field 20240506115914.0
008 - ELEMENTOS DE LONGITUD FIJA -- INFORMACIÓN GENERAL
Campo fijo de descripción fija -- Información general 240503t1966 sp ||||| |||| 00| 0 spa d
040 ## - FUENTE DE CATALOGACIÓN
Idioma de catalogación spa
Agencia que realiza la transcripción CO-MdFUSB
Agencia que realiza la modificación CO-MdFUSB
041 ## - CÓDIGO DE IDIOMA
Código de idioma para texto/pista de sonido o título separado spa
100 ## - ASIENTO PRINCIPAL--NOMBRE PERSONAL
Nombre personal Bamberger, Jeanne,
Término relacionador autor
245 1# - TÍTULO
Título ¿Es la religión una ilusión? :
Subtitulo reto de Freud a la teología
Mención de responsabilidad / Jeanne Bamberger
520 ## - NOTA DE RESUMEN, ETC.
Nota de sumario, etc. La influencia de Sigmund Freud en el pensamiento moderno es bien conocida en la cultura occidental. Su contribución a la psicología le aseguró una posición que no sólo revolucionó el curso de la ciencia sino que también la puso en contacto con la vida. Sacó la psicología del laboratorio y la introdujo primero en la clínica y luego en todas partes, en los negocios, el hogar y la escuela. Los filósofos y expertos en diversas ciencias sociales coinciden en reconocer el valor continuo de los descubrimientos fundamentales de Freud: su teoría del inconsciente dinámico (es decir, de su existencia; las opiniones sobre su naturaleza exacta varían ampliamente y pocos aceptan plenamente la teoría de Freud).
650 #7 - ASIENTO SECUNDARIO DE MATERIA - TERMINO TEMÁTICO
Término temático o nombre geográfico como elemento de entrada Fe
9 (RLIN) 531
650 #0 - ASIENTO SECUNDARIO DE MATERIA - TERMINO TEMÁTICO
Término temático o nombre geográfico como elemento de entrada Cristianismo y ateísmo.
9 (RLIN) 1246
653 ## - TÉRMINO DE INDIZACIÓN - NO CONTROLADO
Término no controlado Sigmund Freud
773 0# - ASIENTO DE ITEM FUENTE
Biblionumber 49450
Itemnumber 82574
Otro identificador del ítem R2506
Título Revista internacional de teología Concilium
Número de control del registro (CO-MdFUSB)8
Número Internacional Normalizado para Publicaciones Seriadas (ISSN) 0210-1041
Parte(s) relacionada(s) / Volumen., número. (mes año), páginas Número 16, (junio, 1966), páginas: 254 - 270
Enumeración y primera página página: 254
942 ## - TIPO DE MATERIAL (KOHA)
Tipo de Item KOHA Artículos de Revista
945 ## - INFORMACIÓN LOCAL DEL REGISTRO
Catalogador Catherine Arias Álvarez practicante SENA

No hay ítems disponibles.

Biblioteca FUSBC | Teléfono: (57+4) 349 88 10 Ext. 141| WhatsApp (+57) 3005338115 
E-mail: biblioteca@unisbc.edu.co | Calle 76 87-14 Robledo Palenque, Medellín, Colombia

Con tecnología Koha